000 00872nam a22002537a 4500
001 49887
003 BD-RjUL
005 20211209075428.0
008 160823s1951 bg a|||| |||| 001 0 eng d
035 _a(BD-RjUL)50007
040 _aBD-RjUL
_beng
_cBD-RjUL
041 _aeng
082 0 4 _a351.5492
_bCIV 1951
_223
110 _aGovernment of Bangladesh Ministry of finance
_9149511
245 0 4 _aThe Civil Service Regulations Relating To Salary, Leave, penson and Travellihg Allowance /
250 _a1st ed.
260 _aKarachi :
_bGovernment of Bangladesh Ministry of finance,
_c1951
300 _a[6], 335p. ;.
_c23 cm.
504 _aIncludes Index
650 0 7 _aCivil Service
_918649
_zBangladesh
650 0 7 _aBangladesh-- Officials and employees -- Salaries
_9149512
650 0 7 _aBangladesh -- Officials and employees -- Pensions
_9149513
942 _2ddc
_cBK
999 _c49887
_d49887